VLASTNOSTI TYRISTOROVÉHO RIADIACEHO RC OBVODU S FOTOODPOROM

Bibliographic Details
Main Authors: Virsik, Felix (Author), Oravec, Július, 1929- (Author), Véghová, Klára (Author)
Format: Article
Language:Slovak

MARC

LEADER 00000nab a2200000uu 4500
001 vtls011481944
003 SK-MaSNL
005 20260303185904.0
008 230218|1970 xo |||||||||||||||||slo|
015 |a SNBRB 
035 |a (urnnbn)urn:nbn:sk:snk:ar-006t5m 
035 |a (uuid)861c66e3-5980-49e7-a9ca-bd4c5c035952 
035 |a urn:nbn:sk:snk-abd952 
040 |a SNKBUCL  |b slo  |c SNKBUCL  |e AACR2 
041 0 |a slo 
044 |a xo  |c SK 
100 1 |a Virsik, Felix  |4 aut  |9 47623 
245 1 0 |a VLASTNOSTI TYRISTOROVÉHO RIADIACEHO RC OBVODU S FOTOODPOROM  |c Július Oravec, Klára Véghová, Felix Virsik 
700 1 |a Oravec, Július,  |d 1929-  |4 aut  |9 13482 
700 1 |a Véghová, Klára  |4 aut  |9 491345 
773 0 |t Elektrotechnický časopis : časopis Elektrotechnického ústavu CEFV SAV Bratislava  |g Roč. 21, č. 7 (1970), s. 496-501 
954 |a odborná, vedecká literatúra pôvodná (slovenská)  |2 lita 
958 |a OND 
958 |a EUIPO 
958 |a article18 
999 |c 2133521  |d 2135451